header

The battle of Monroe's Crossroads (Record no. 132375)

MARC details
000 -LEADER
fixed length control field 01448nam a2200349 a 4500
082 04 - DEWEY DECIMAL CLASSIFICATION NUMBER
Classification number 973.7/38
100 1# - MAIN ENTRY--AUTHOR NAME
Personal name Wittenberg, Eric J.,
245 14 - TITLE STATEMENT
Title The battle of Monroe's Crossroads
260 ## - PUBLICATION, DISTRIBUTION, ETC. (IMPRINT)
Place of publication New York :
Name of publisher Savas Beatie,
Year of publication c2006.
300 ## - PHYSICAL DESCRIPTION
Number of Pages xxiv, 336 p. :
Other physical details ill., maps.
650 #0 - SUBJECT ADDED ENTRY--TOPICAL TERM
Topical Term Monroe's Crossroads, Battle of, N.C., 1865.
856 40 - ELECTRONIC LOCATION AND ACCESS
Uniform Resource Identifier http://site.ebrary.com/lib/rucke/Doc?id=10498872

No items available.

© 2026 Rongo University
Contact us: librarian | system librarian | Rongo university